000 00764nam a2200229Ia 4500
001 9836
003 GE_BSU
008 181216s||||||||xx |||||||||||||| ||und||
040 _cGE_BSU
080 _a821.353.1-1
100 _aნუცუბიძე,ლილი
245 _aგიყვარვარ თუ არ გიყვარვარ?!
245 _bლექსები
245 _cრედ:გ.მაჭუტაძე,მხატვ:ო,ქანდარია
260 _aბათუმი
260 _bსაბჭოთა აჭარა
260 _c1970
300 _a79გვ;16სმ
653 _aგიყვარვარ თუ არ გიყვარვარ?!
653 _aლექსები
942 _cBK
999 _c43115
_d43115